000 00661nam a2200181Ia 4500
003 GCL
008 140319s9999 xx 000 0 ara d
040 _aGCL /
_cGCL
082 0 4 _a328.3256
_bه م
100 1 _aهايل ودعان الدعجة
245 1 0 _aمجلس النواب الاردنى بين الشعار والتطبيق: تجربة المجلس الحادى عشر ( 1989 - 1993 ) /
_cهايل ودعان الدعجة
300 _a211 ص
490 _aالهيئة العامة للاستعلامات
_v0
650 0 4 _aالاردن
650 0 4 _aالهيئات التشريعية
650 0 4 _aالحياة النيابية
942 _2ddc
_cBK
999 _c49765
_d49765